| 000 | 00721nam a2200277Ia 4500 | ||
|---|---|---|---|
| 008 | 210210b1988 xxu||||| |||| 00| 0 eng d | ||
| 082 | _a591.5 ILLU | ||
| 100 | _a- | ||
| 245 |
_aILLUSTRATED ENCYCLOPEDIA of wildlife. 52V: V6: mammals. _bTubulidentatesHyracoids Sirenians Proboscids Perissodactyls |
||
| 260 |
_aLondon _bOrbis Publishing Ltd., _c1988 |
||
| 300 | _a301-360 | ||
| 440 | _a6 | ||
| 650 | _awildlife. | ||
| 650 | _aV6: | ||
| 650 | _aTubulidentatesHyracoids | ||
| 650 | _aSirenians | ||
| 650 | _aProboscids | ||
| 650 | _aPerissodactyls | ||
| 650 | _aof | ||
| 650 | _amammals. | ||
| 650 | _aILLUSTRATED | ||
| 650 | _aENCYCLOPEDIA | ||
| 650 | _a52V: | ||
| 690 | _aZoology | ||
| 906 | _a054329 | ||
| 999 |
_c102251 _d102251 |
||